[Event "Kiev Express blitz op"]
[Site "Kiev"]
[Date "2024.08.30"]
[Round "1"]
[White "Sidorika, Vladislav"]
[Black "Anuchyn, Andrii"]
[Result "1-0"]
[WhiteElo "2241"]
[BlackElo "1797"]
[PlyCount "55"]
[EventDate "2024.08.30"]
[EventType "swiss (blitz)"]
[EventRounds "9"]
[EventCountry "UKR"]
[SourceTitle "EXT 2025"]
[Source "ChessBase"]
[SourceDate "2024.10.14"]
[SourceVersion "1"]
[SourceVersionDate "2024.10.14"]
[SourceQuality "1"]

1. c4 Nf6 2. g3 g6 3. Bg2 Bg7 4. Nc3 0-0 5. Nf3 d6 6. 0-0 e5 7. Rb1 a5 8. a3 Nc6 9. b4 axb4 10. axb4 Ne7 11. d3 Ne8 12. Qc2 f5 13. b5 Kh8 14. Bb2 Nf6 15. Ra1 Rxa1 16. Rxa1 Bd7 17. Nd2 c6 18. Ba3 Qb8 19. Nf3 Re8 20. Qb3 b6 21. bxc6 Nxc6 22. Nb5 Na5 23. Qb4 d5 24. Bb2 dxc4 25. dxc4 Bxb5 26. Qxb5 Ne4 27. Rd1 Qc7 28. Qxe8+ 1-0